LEADER 01062nam0-22003131i-450- 001 990003862660403321 005 20080122095134.0 035 $a000386266 035 $aFED01000386266 035 $a(Aleph)000386266FED01 035 $a000386266 100 $a20030910d--------km-y0itay50------ba 101 0 $aita 102 $aIT 200 1 $aTrade Union Government and Collective Bargaining$eSome Critical Issues$fEdited by Joel Seidman$gForeword by George P. Shultz. 210 $aNew York$cFrederick A. Praeger$cin cooperation with the Graduate School of Business of the University of Chicago$d1970. 215 $axxv, 304 p.$d24 cm 225 1 $aPraeger Special Studies in U.S. Economic and Social Development 610 0 $aSindacati$aStati Uniti 676 $aF/1.221 676 $aG/2.43 702 1$aSeidman,$bJoel 801 0$aIT$bUNINA$gRICA$2UNIMARC 901 $aBK 912 $a990003862660403321 952 $aG/2.43 TRA/70$b043806$fSES 959 $aSES 996 $aTrade Union Government and Collective Bargaining$9514546 997 $aUNINA LEADER 01018nam0-2200349li-450 001 990000154500203316 005 20180312154724.0 010 $a0-07-036285-8 035 $a0015450 035 $aUSA010015450 035 $a(ALEPH)000015450USA01 035 $a0015450 100 $a20001109d1985----km-y0itay0103----ba 101 0 $aeng 102 $aUS 200 1 $aHandbook of metal forming$feditor Kurt Lange$gcoeditors Klaus Pöhlandt...[et al.] 210 $aNew York [etc.]$cMcGraw-Hill$dcopyr. 1985 610 1 $ametallurgia manuali 676 $a671.3$9. 702 1$aLange,$bKurt 702 1$aPöhlandt,$bKurt 801 $aSistema bibliotecario di Ateneo dell' Università di Salerno$gRICA 912 $a990000154500203316 951 $a671.3 HAN$b0005299 959 $aBK 969 $aTEC 979 $c19970606 979 $c20001110$lUSA01$h1712 979 $c20020403$lUSA01$h1623 979 $aPATRY$b90$c20040406$lUSA01$h1611 996 $aHandbook of metal forming$91491846 997 $aUNISA